000 01148nam a2200337 i 4500
001 000013196
003 DO-SdBNP
005 20250717074015.0
007 ta
008 091120s1992 dr 000 0 spa d
040 _aDO-SdBNP
_bspa
_cBNPHU
_erda
041 _hspa
082 4 _aRD863.44
_bV443oj
_222
100 1 _aVeloz, Livia,
_d1892-1980
_eautor
_4aut.
_930270
245 1 0 _aOjos entreabiertos /
_cLivia Veloz.
264 4 _aSanto Domingo :
_bBiblioteca Nacional Pedro Henríquez Ureña (BNPHU),
_c©1992.
300 _a134 páginas ;
_c23 cm.
336 _atexto
_btxt
_2rdacontent
337 _asin mediación
_bn
_2rdamedia
338 _avolumen
_bn
_2rdacarrier
490 1 _aColección Orfeo: 2a etapa;
490 1 _aSerie literaria
_v1
500 _aIncluye cronología de y sobre Livia Veloz (1892-1980)
590 _aInventariado, 2020/VM
650 7 _aNovela dominicana
_9176
650 7 _aLiteratura dominicana.
_967
710 2 _aBiblioteca Nacional Pedro Henríquez Ureña
_981292
830 0 _aColección Orfeo: (2a etapa)
_930271
_n1
_pSerie literaria
910 _aValidado. Control de calidad MFF
942 _2ddc
_cLBS1
999 _c12835
_d12835